Annual review of astronomy and astrophysics (Record no. 17089)

MARC details
000 -LEADER
fixed length control field 00732nam a2200217Ia 4500
003 - CONTROL NUMBER IDENTIFIER
control field IN-BaIIA
008 - FIXED-LENGTH DATA ELEMENTS--GENERAL INFORMATION
fixed length control field 211028s9999 xx 000 0 eng d
020 ## - INTERNATIONAL STANDARD BOOK NUMBER
International Standard Book Number 978-0-8243-0946-6
040 ## - CATALOGING SOURCE
Transcribing agency IIA Library
080 ## - UNIVERSAL DECIMAL CLASSIFICATION NUMBER
Universal Decimal Classification number (05)52
Item number ANN-46
245 #0 - TITLE STATEMENT
Title Annual review of astronomy and astrophysics
Remainder of title vol. 46
Statement of responsibility, etc. edited by Roger Blandford, Ewine Fleur van Dishoeck and J Kormendy
260 ## - PUBLICATION, DISTRIBUTION, ETC.
Place of publication, distribution, etc. Palo Alto
Name of publisher, distributor, etc. Annual Reviews
Date of publication, distribution, etc. 2008
300 ## - PHYSICAL DESCRIPTION
Extent 585p.
650 ## - SUBJECT ADDED ENTRY--TOPICAL TERM
Topical term or geographic name entry element Astronomy - periodicals
9 (RLIN) 4087
650 ## - SUBJECT ADDED ENTRY--TOPICAL TERM
Topical term or geographic name entry element Astronomy and astrophysics
9 (RLIN) 2815
650 ## - SUBJECT ADDED ENTRY--TOPICAL TERM
Topical term or geographic name entry element Astrophysics - periodicals
9 (RLIN) 4088
700 ## - ADDED ENTRY--PERSONAL NAME
Personal name Blandford, Roger., ed.
9 (RLIN) 28594
700 ## - ADDED ENTRY--PERSONAL NAME
Personal name Kormendy, John., ed.
9 (RLIN) 32147
700 ## - ADDED ENTRY--PERSONAL NAME
Personal name van Dishoeck, Eurine, ed.
9 (RLIN) 32148
942 ## - ADDED ENTRY ELEMENTS (KOHA)
Koha item type Books
Holdings
Withdrawn status Lost status Damaged status Not for loan Home library Current library Shelving location Date acquired Source of acquisition Cost, normal purchase price Total Checkouts Full call number Barcode Date last seen Cost, replacement price Price effective from Koha item type Purchase Price
        IIA Library-Bangalore IIA Library-Kavalur General Stacks 18/10/2008 OUP 500.00   (05)52/ ANN-46 18011 05/11/2021 500.00 18/10/2008 Books Rs. 500.00

Powered by Koha